000 00554 a2200169 4500
999 _c10323
_d10323
020 _a9780141031187
050 _aHC800MOY 2010
100 _aMoyo, Dambisa
_eauthor
245 _aDead aid :
_bwhy aid is not working and how there is a better way for Africa
_cDambisa Moyo /
264 _aLondon :
_bPenguin Books,
_c ♭2010.
300 _axx, 188 pages ; 22 cm
500 _aIncludes bibliographical referencing Includes index
650 _aEconomic assistance
650 _aPoor
650 _aEconomic conditions
942 _2lcc
_cBK
_h800
_iMOY
_kHC